| 000 | 00785 a2200241 4500 | ||
|---|---|---|---|
| 005 | 20260320111231.0 | ||
| 008 | 260320b |||||||| |||| 00| 0 eng d | ||
| 020 | _a9788190804608 (hbk) | ||
| 037 | _cTB | ||
| 040 |
_aBL _cBL |
||
| 041 |
_2eng _aeng |
||
| 084 |
_aLB R3 _qBL |
||
| 100 |
_aSingh, R. H. _91114264 |
||
| 245 | _aBody - mind-spirit integrative medicine in ayurveda yoga & nature cure | ||
| 260 |
_aVaranasi, India: _bChaukhamba Surbharati Prakashan, _c2023. |
||
| 300 | _axxviii, 467p. | ||
| 365 |
_b1195.00 _cINR |
||
| 490 | _aChaukhamba Ayurveda Studies 10 | ||
| 650 |
_aMedicin _91132623 |
||
| 650 | _aAyurveda | ||
| 942 |
_cTB _2CC _hLB R3 |
||
| 999 |
_c1678825 _d1678825 |
||